000
00285nam a22001217a 4500
020
_a
0-408-003626
082
_a
629.246 NEW'C
100
_a
SPURR, R. T,NEWCOMB, T. P
_9
76030
245
_a
COMMERCIAL VEHICLE BRAKING
260
_a
LONDON
_b
NEWNES
_c
1979
300
_a
144P
942
_c
BK
999
_c
581429
_d
581429